00329nam a2200145Ia 45000030006000000080041000060400015000471000027000622450021000892500006001102600030001163000006001465460014001520050017001660STCL150530s9999 xx 000 0 und d aSTCLcSTCL aRaman Namboodiri, E.V. aJanakiparinnayam a1 bKamalalaya; Trivandrumc0 a0 aMalayalam20220125170749.0